My Years In Blue Uniform (1941-1966) (Record no. 328103)
[ view plain ]
| 000 -LEADER | |
|---|---|
| fixed length control field | 00358 a2200121 4500 |
| 001 - CONTROL NUMBER | |
| control field | 93030 |
| 003 - CONTROL NUMBER IDENTIFIER | |
| control field | NUST |
| 005 - DATE AND TIME OF LATEST TRANSACTION | |
| control field | 20180120141701.0 |
| 008 - FIXED-LENGTH DATA ELEMENTS--GENERAL INFORMATION | |
| fixed length control field | 180120b xxu||||| |||| 00| 0 eng d |
| 082 ## - DEWEY DECIMAL CLASSIFICATION NUMBER | |
| Classification number | 358.411092/RAB |
| 100 ## - MAIN ENTRY--PERSONAL NAME | |
| Personal name | Rabbani M.A Group Captain(Retd) |
| 9 (RLIN) | 9214 |
| 245 ## - TITLE STATEMENT | |
| Title | My Years In Blue Uniform (1941-1966) |
| Medium | English |
| 260 ## - PUBLICATION, DISTRIBUTION, ETC. | |
| Place of publication, distribution, etc. | Directorate of Education Peshawer |
| Name of publisher, distributor, etc. | PAF Book Club |
| Date of publication, distribution, etc. | [n.d] |
| 300 ## - PHYSICAL DESCRIPTION | |
| Extent | v,163p. |
| 942 ## - ADDED ENTRY ELEMENTS (KOHA) | |
| Institution code [OBSOLETE] | CAE NUST |
| Koha item type | Book |
| Call number prefix | 358.411092/RAB |
| Source of classification or shelving scheme | |
| Withdrawn status | Lost status | Damaged status | Not for loan | Collection code | Permanent Location | Current Location | Date acquired | Total Checkouts | Full call number | Barcode | Date last seen | Price effective from | Koha item type |
|---|---|---|---|---|---|---|---|---|---|---|---|---|---|
| College of Aeronautical Engineering (CAE) | College of Aeronautical Engineering (CAE) | 04/03/2017 | 358.411092/RAB | CAEG-10026 | 04/05/2017 | 04/05/2017 | Book | ||||||
| College of Aeronautical Engineering (CAE) | College of Aeronautical Engineering (CAE) | 04/03/2017 | 358.411092/RAB | CAEG-10027 | 04/05/2017 | 04/05/2017 | Book |
